The Waterboys ~ Whole of the Moon - Statistics

General Stats
  • This quiz has been taken 17 times
    12 since last reset
  • The average score is 250 of 305
Answer Stats
Answer % Correct
I
100%
in
100%
moon
100%
moon)
100%
of
100%
saw
100%
the
100%
The
100%
(The
100%
To
100%
(To
100%
too
100%
Too
100%
(Too
100%
whole
100%
a
89%
but
89%
crescent
89%
high
89%
high)
89%
it
89%
on
89%
pictured
89%
rain
89%
rainbow
89%
room
89%
You
89%
you
89%
(You
89%
your
89%
And
78%
and
78%
(And
78%
at
78%
dumbfounded
78%
far
78%
far)
78%
feels
78%
feels)
78%
for
78%
get
78%
hands
78%
held
78%
how
78%
just
78%
know
78%
plan
78%
reach
78%
soon
78%
soon)
78%
stayed
78%
was
78%
with
78%
With
78%
(With
78%
climbed
67%
dirty
67%
flew
67%
had
67%
heels
67%
heels)
67%
ladder
67%
out
67%
turnstiles
67%
turnstiles)
67%
valley
67%
While
67%
wind
67%
world
67%
years
67%
about
56%
Blazing
56%
brigadoon
56%
by
56%
came
56%
comet
56%
cut
56%
dream
56%
filled
56%
flashes
56%
grounded
56%
knew
56%
like
56%
pocket
56%
skies
56%
spoke
56%
stars
56%
stars)
56%
stretched
56%
swooned
56%
there
56%
torch
56%
trail
56%
tried
56%
truth
56%
vision
56%
wandered
56%
were
56%
wings
56%
wondered
56%
yeah
56%
cannonballs
44%
Every
44%
ferryboats
44%
Flags
44%
full
44%
guessed
44%
Hey
44%
lies
44%
oceans
44%
Palaces
44%
piers
44%
precious
44%
rags
44%
sails
44%
sighed
44%
tears
44%
through
44%
Underneath
44%
Unicorns
44%
Wide
44%
tenements
33%
towers
33%
Trumpets
33%
scars
22%
Scimitars
22%
No matching quizzes found
Score Distribution
Percent of People with Each Score
Percentile by Number Answered
Your Score History
You have not taken this quiz since the last reset